Pays d'Europe - Du nord au sud - Carte - Statistiques

Statistiques générales
  • Ce quiz a été pris 168 fois
  • Le résultat moyen est 34 sur 46
Réponses sur la Carte
Les réponses sont colorées sur une échelle allant du rouge au vert en fonction du pourcentage des utilisateurs qui les ont devinées à leur premier essai. Vous pouvez retrouver ces pourcentages ci-dessous.
 
Statistiques - réponses
Latitude Nord Pays % Correct
81.86 Russie
100%
70.09 Finlande
95%
71.19 Norvège
95%
66.56 Islande
94%
69.06 Suède
94%
62.39 Danemark
89%
59.69 Estonie
89%
58.09 Lettonie
89%
60.86 Royaume-Uni
89%
56.45 Lituanie
88%
55.06 Allemagne
85%
56.17 Biélorussie
85%
55.44 Irlande
85%
54.84 Pologne
85%
53.56 Pays-Bas
83%
51.51 Belgique
82%
51.09 France
82%
52.38 Ukraine
81%
51.06 République Tchèque
80%
49.61 Slovaquie
79%
49.02 Autriche
77%
48.59 Hongrie
77%
50.18 Luxembourg
77%
47.09 Italie
73%
47.81 Suisse
73%
48.49 Moldavie
72%
48.27 Roumanie
72%
46.88 Slovénie
71%
46.56 Croatie
70%
47.27 Liechtenstein
70%
46.19 Serbie
70%
45.28 Bosnie-Herzégovine
68%
44.22 Bulgarie
67%
43.79 Espagne
66%
36.08 Malte
65%
41.57 Grèce
62%
43.27 Kosovo
62%
43.99 Saint-Marin
62%
43.56 Monténégro
61%
42.66 Albanie
60%
43.75 Monaco
58%
42.15 Portugal
58%
42.37 Macédoine du Nord
55%
42.66 Andorre
52%
41.91 Vatican
46%
42.10 Turquie
43%
Aucun quiz correspondant
Distribution des résultats
% des personnes avec chaque résultat
Percentile par nombre de réponses
Votre historique - résultats
Vous n’avez pas pris ce quiz